00629nam a22001697a 45000050016000000080041000160100015000570200010000720350013000820370013000950400013001080820016001212450149001372600043002862700102003293000028004312011101309159.0111013t xxu||||| |||| 00| 0 eng d aENG-103963 c45.00 aEN-87496 bDBAD/PUB aDPLbEng a346.0820954 aThe State Bank Of India act, 1955 (23 of 1955) as amended by the State Bank of India (amendment) act, 2010 (27 of 2010) with short notes heng aDelhi bUniversal Law Publishingc2011 aC-FF-1A, Dilkhush Industrial Estate, (Opp. Hans Cinema, Azadpur) G.T. Karnal Road,bDelhie110033 axiii,43,5p.c24cm (pbk)